000 00305nam a2200109Ia 4500
008 220214s9999 xx 000 0 und d
100 _aGianping Zhou
245 2 _aA Study on the loss of germinating power in Hevea seeds
260 _bChinese Journal of Tropical Crops
_c1983
300 _a18p
942 _cRE
999 _c45648
_d45648